000 00912cam a2200301 i 4500
001 768714001
003 CO-MdFUSB
005 20250603093933.0
007 ta
008 250529t1974 -us||||| |||| 00| 0 spa d
040 _cCO-MdFUSB
041 0 _aspa
082 0 4 _223
_a248.6
_bE588c
100 1 _aEngstrom, Ted W. (Theodore Wilhelm ) (1916-)
_eautor
240 _aManaging your time
245 1 0 _aCómo aprovechar el tiempo :
_bnormas prácticas relativas al uso eficaz del tiempo
_c/ Ted W. Engstrom, R. Alec Mackenzie
264 1 _aMiami, FL., USA :
_bVida,
_c[1974]
264 4 _c©1974
300 _a159 páginas
336 _atexto
_btxt
_2rdacontent
337 _2rdamedia
_asin mediación
_bn
338 _2rdacarrier
_avolumen
_bnc
563 _aRústico
650 0 _aVida cristiana
_919
700 _aR. Alec Mackenzie,
_911623
_eautor
942 _cBK
945 _aMiguel Gómez
999 _c36136
_d36136